| 000 | 00354nam a2200121Ia 4500 | ||
|---|---|---|---|
| 008 | 220204s9999 xx 000 0 und d | ||
| 082 |
_aNR:336(04)1960 _bIND |
||
| 245 | 0 | _aReport on the revision of raw rubber prices Bombay, 1960 | |
| 260 |
_aNew Delhi _bManager of Publications |
||
| 650 | _aRaw rubber price | ||
| 650 | _aTariff Commission | ||
| 942 | _cBK | ||
| 999 |
_c43702 _d43702 |
||